Direito.UnB Revista de Direito da Universidade de Brasl̕ia

Detalles Bibliográficos
Formato: Artículo
Lenguaje:portugués
Publicado: Brasl̕ia : Universidade de Brasl̕ia, 2016 -
Materias:
Acceso en línea:Acceso restringido

MARC

LEADER 00000nab a22000007a 4500
005 20170406122623.0
007 cr|||| ||||
008 170406c20149999br fr||s||||| 0|||b1por d
035 |a 14870 
040 |a vLex 
090 |c 6634  |d 6634 
245 0 0 |a Direito.UnB  |h [Recurso electrn̤ico] :  |b Revista de Direito da Universidade de Brasl̕ia 
256 |a Servicio en ln̕ea 
260 |a Brasl̕ia :  |b Universidade de Brasl̕ia,  |c 2016 - 
300 |a 1 recurso electrn̤ico 
310 |a Semestral 
362 |a Nm︢. 1 (2014) - 
506 1 |a Contenido disponible en los productos indicados  |d vLex Global  |d vLex Global (Academic Edition, excluding Law Schools)  |d vLex Global (U.S. Academic Edition, Law Schools)  |d vLex Global (U.S. Academic Edition, excluding Law Schools)  |d vLex Global (Academic Edition, Law Schools) 
650 0 4 |a Derecho civil  |z Espaą 
650 0 4 |a Derecho penal  |z Espaą 
650 0 4 |a Derecho fiscal  |z Espaą 
650 0 4 |a Derecho administrativo  |z Espaą 
650 0 4 |a Derecho constitucional  |z Espaą 
740 0 |a vLex Revistas (Servicio en ln̕ea) 
856 4 0 |u http://vlex.com/source/direito-unb-revista-direito-universidade-brasilia-14870  |z Acceso restringido 
942 |c REV 
999 0 |a Civil law 
999 0 |a Constitucional law 
999 0 |a Administrative law 
999 0 |a Criminal law 
999 0 |a Taxation